Genome mapping in plants
Saved in:
| 主要作者: | |
|---|---|
| 格式: | 圖書 |
| 語言: | 英语 |
| 出版: |
Austin
R. G. Landes Company
1996
|
| 版: | 1a. ed |
| 叢編: | Biotechnology Intelligence Unit
|
| 主題: | |
| 標簽: |
添加標簽
沒有標簽, 成為第一個標記此記錄!
|
MARC
| LEADER | 00000cam a2200000 a 4500 | ||
|---|---|---|---|
| 001 | UCD2308 | ||
| 003 | CL-VaPUC | ||
| 008 | 160421e19960000us |||||||||||||||||eng|d | ||
| 020 | |a 0125465904 | ||
| 020 | |a 1570593590 | ||
| 082 | 0 | 4 | |a 572.86 |b PAT |2 21 |
| 100 | |a Paterson, Andrew H. |e author |9 585630 | ||
| 245 | 1 | 0 | |a Genome mapping in plants |
| 250 | |a 1a. ed | ||
| 300 | |a 330 p | ||
| 942 | |c BK | ||
| 945 | |d 20160421 23:07:00 |a arojas | ||
| 260 | |a Austin |b R. G. Landes Company |c 1996 | ||
| 650 | 0 | |a Genomas |9 389482 | |
| 650 | 0 | |a Bioquímica vegetal |9 264262 | |
| 650 | 0 | |a Plantas |9 264555 | |
| 650 | 0 | |a Cromosomas |9 344073 | |
| 650 | 0 | |a Ácido desoxirribonucleico (ADN) |9 361158 | |
| 583 | |a last modification |c 20160421 23:07:00 |k Rodrigo Vera | ||
| 490 | 0 | |a Biotechnology Intelligence Unit | |
| 999 | |c 363471 |d 363469 | ||